Daily Capital City Riddle #12 - Statistics

General Stats
  • This quiz has been taken 69 times
  • The average score is 28 of 31
Answer Stats
Type Answer % Correct
Alphabet Letter E
100%
Found Letter A
98%
Alphabet Letter B
98%
Found Letter I
98%
Alphabet Letter N
98%
Alphabet Letter R
98%
Alphabet Letter G
97%
Alphabet Letter M
97%
Alphabet Letter O
97%
Alphabet Letter C
95%
Alphabet Letter D
93%
Alphabet Letter L
93%
Alphabet Letter T
93%
Alphabet Letter U
93%
Correctly Placed Letter A
92%
Alphabet Letter S
92%
Alphabet Letter H
90%
Alphabet Letter Y
90%
Alphabet Letter W
89%
Alphabet Letter K
87%
Found Letter P
85%
Alphabet Letter V
85%
Alphabet Letter J
84%
Correctly Placed Letter I
82%
Alphabet Letter X
82%
Alphabet Letter Z
77%
Correctly Placed Letter A
74%
Alphabet Letter F
74%
Alphabet Letter Q
74%
Mystery Capital Apia
72%
Correctly Placed Letter P
72%
No matching quizzes found
Score Distribution
Percent of People with Each Score
Percentile by Number Answered
Your Score History
You have not taken this quiz